| 000 | 00411cam a2200169ua 4500 | ||
|---|---|---|---|
| 020 | _c5.00 | ||
| 041 |
_ahin _h |
||
| 082 |
_a891.54 _bVIB/PA |
||
| 100 | _aVibhutibhushan, Vandyopadyay . | ||
| 245 |
_aPadher Panchali / _cVibhutibhushan Vanyopadyay. _hTextual Documents |
||
| 260 |
_a : _bRajpal and Sanch. |
||
| 300 | _a323 ; . | ||
| 365 | _a5.00 | ||
| 504 | _a | ||
| 942 | _cBK | ||
| 999 |
_c8257 _d8257 |
||